[Event "Ceske Budejovice op-B"]
[Site "Ceske Budejovice"]
[Date "2020.07.09"]
[Round "9"]
[White "Motejzik, Jaroslav"]
[Black "Schoberl, Matej"]
[Result "1-0"]
[WhiteElo "1396"]
[BlackElo "1088"]
[PlyCount "73"]
[EventDate "2020.07.01"]
[EventType "swiss"]
[EventRounds "9"]
[EventCountry "CZE"]
[SourceTitle "CBM 197 Extra"]
[Source "ChessBase"]
[SourceDate "2020.09.30"]
[SourceVersion "1"]
[SourceVersionDate "2020.09.30"]
[SourceQuality "1"]

1. d4 d5 2. Bf4 Bf5 3. e3 e6 4. c3 c6 5. Qb3 Na6 6. Qxb7 Nc7 7. Qxc6+ Ke7 8. Qxc7+ Ke8 9. Qxd8+ Rxd8 10. Bb5+ Ke7 11. Nf3 Rb8 12. Bxb8 Be4 13. Nbd2 Bc2 14. Rc1 Bf5 15. c4 Kd8 16. Ne5 f6 17. Nf7+ Kc8 18. Bxa7 Kb7 19. cxd5 exd5 20. Bc5 Ne7 21. Nxh8 Bc8 22. Bd6 Bf5 23. a4 h6 24. a5 Ka8 25. Ke2 Kb7 26. a6+ Ka7 27. Rc7+ Ka8 28. Bxe7 Bxe7 29. Rxe7 Kb8 30. Rb7+ Kc8 31. Rc1+ Kd8 32. Rcc7 h5 33. Rxg7 Be6 34. Rb8+ Bc8 35. Rd7+ Ke8 36. Rc7+ Kd8 37. Rbxc8# 1-0

[Event "Ceske Budejovice op-B"]
[Site "Ceske Budejovice"]
[Date "2020.07.07"]
[Round "7"]
[White "Motejzik, Jaroslav"]
[Black "Pesek, Petr"]
[Result "1-0"]
[WhiteElo "1396"]
[BlackElo "1072"]
[PlyCount "77"]
[EventDate "2020.07.01"]
[EventType "swiss"]
[EventRounds "9"]
[EventCountry "CZE"]
[SourceTitle "CBM 197 Extra"]
[Source "ChessBase"]
[SourceDate "2020.09.30"]
[SourceVersion "1"]
[SourceVersionDate "2020.09.30"]
[SourceQuality "1"]

1. d4 d5 2. Bf4 Bf5 3. e3 e6 4. c4 Nf6 5. Nc3 Nc6 6. h3 h5 7. Nf3 Qd7 8. Ne5 Nxe5 9. dxe5 Ne4 10. Nxe4 Bxe4 11. f3 Bf5 12. Qb3 0-0-0 13. Rd1 Bc5 14. cxd5 exd5 15. e4 c6 16. exf5 Qxf5 17. Bh2 Rde8 18. Qd3 Qg5 19. f4 Qh4+ 20. Qg3 Qxg3+ 21. Bxg3 f6 22. Kd2 Bb4+ 23. Kc2 fxe5 24. fxe5 h4 25. Bh2 g5 26. a3 Bc5 27. Bd3 a6 28. Rhf1 b5 29. b4 Bb6 30. Rf7 Rhg8 31. Rdf1 Kd8 32. Bf5 Ref8 33. Bg4 Rxf7 34. Rxf7 Re8 35. Rd7+ Kc8 36. e6 c5 37. bxc5 Bxc5 38. Rc7+ Kb8 39. Re7+ 1-0

[Event "Ceske Budejovice op-B"]
[Site "Ceske Budejovice"]
[Date "2020.07.06"]
[Round "6"]
[White "Postl, Frantisek"]
[Black "Motejzik, Jaroslav"]
[Result "1/2-1/2"]
[WhiteElo "1188"]
[BlackElo "1396"]
[PlyCount "88"]
[EventDate "2020.07.01"]
[EventType "swiss"]
[EventRounds "9"]
[EventCountry "CZE"]
[SourceTitle "CBM 197 Extra"]
[Source "ChessBase"]
[SourceDate "2020.09.30"]
[SourceVersion "1"]
[SourceVersionDate "2020.09.30"]
[SourceQuality "1"]

1. e4 e6 2. d4 d5 3. Nc3 Nf6 4. e5 Nfd7 5. Nf3 c5 6. Bg5 Be7 7. Bxe7 Qxe7 8. Qd2 a6 9. 0-0-0 Nc6 10. a3 cxd4 11. Nxd4 Ncxe5 12. f4 Nc6 13. f5 e5 14. Nxd5 Qd6 15. Nxc6 Qxc6 16. Be2 Qd6 17. Rhe1 0-0 18. Rf1 f6 19. g4 b5 20. g5 Kh8 21. h4 Rb8 22. h5 Nb6 23. h6 gxh6 24. g6 Rg8 25. Rh1 Bxf5 26. gxh7 Rg5 27. Rxh6 Nxd5 28. Qxd5 Qxd5 29. Rxd5 Rg6 30. Rxg6 Bxg6 31. Rd6 Rc8 32. c3 Kxh7 33. Rxf6 Rc5 34. Rxa6 e4 35. a4 bxa4 36. Rxa4 e3 37. Rc4 Rd5 38. Rd4 Re5 39. b4 Rg5 40. Rh4+ Kg7 41. Rh1 Rg2 42. Bf3 Rc2+ 43. Kd1 Rxc3 44. b5 Rb3 1/2-1/2

[Event "Ceske Budejovice op-B"]
[Site "Ceske Budejovice"]
[Date "2020.07.01"]
[Round "1"]
[White "Simacek, Vaclav"]
[Black "Motejzik, Jaroslav"]
[Result "1-0"]
[WhiteElo "1816"]
[BlackElo "1396"]
[PlyCount "37"]
[EventDate "2020.07.01"]
[EventType "swiss"]
[EventRounds "9"]
[EventCountry "CZE"]
[SourceTitle "CBM 197 Extra"]
[Source "ChessBase"]
[SourceDate "2020.09.30"]
[SourceVersion "1"]
[SourceVersionDate "2020.09.30"]
[SourceQuality "1"]

1. e4 e6 2. d4 d5 3. Nc3 Nf6 4. Bg5 Be7 5. e5 Nfd7 6. h4 c5 7. Nb5 Qb6 8. Bxe7 Kxe7 9. Qg4 Kf8 10. 0-0-0 cxd4 11. f4 Nc5 12. Nf3 Ne4 13. Ng5 Nf2 14. Qh5 g6 15. Qh6+ Kg8 16. Be2 d3 17. Nd6 Qe3+ 18. Kb1 dxe2 19. Ne8 1-0